000 01121cam a22003255a 4500
001 17628847
003 OSt
005 20180116182947.0
008 130216s2012 pk a 000 0deng
010 _a 2013352195
025 _aP-E-2013352195; 26
037 _bLibrary of Congress -- Islamabad Overseas Office
_cRs 2495.00
040 _aDLC
_cDLC
042 _alcode
_apcc
043 _aa-pk---
050 0 0 _aHC440.5.A5-.Z6+
082 _a303.3495491
100 1 _aNisar, Ijaz.
245 1 0 _a100 Business leaders of Pakistan :
_bexclusive interviews, success stories and case-studies of business leaders, ... /
_cIjaz Nisar.
246 3 _aHundred business leaders of Pakistan
246 3 _aBusiness leaders of Pakistan
260 _aLahore :
_bManager Today Publications,
_c2012.
300 _axvi, 543 p. :
_bcol. ill. ;
_c25 cm.
650 0 _aBusinesspeople
_zPakistan
_vInterviews.
650 0 _aSuccess in business
_zPakistan
_vInterviews.
730 0 _aManager Today.
906 _a7
_bibc
_corigode
_d3
_encip
_f20
_gy-gencatlg
942 _2ddc
_cBK
999 _c349370
_d349370